<?xml version="1.0" encoding="UTF-8"?>
<record
    xmlns:xsi="http://www.w3.org/2001/XMLSchema-instance"
    xsi:schemaLocation="http://www.loc.gov/MARC21/slim http://www.loc.gov/standards/marcxml/schema/MARC21slim.xsd"
    xmlns="http://www.loc.gov/MARC21/slim">

  <leader>01095nam a22002417a 4500</leader>
  <controlfield tag="001">9556</controlfield>
  <controlfield tag="003">FISKH</controlfield>
  <controlfield tag="005">20260128100638.0</controlfield>
  <controlfield tag="008">260123b        cb ||||| |||| 00| 0 eng d</controlfield>
  <datafield tag="020" ind1=" " ind2=" ">
    <subfield code="a">9780349139630</subfield>
  </datafield>
  <datafield tag="040" ind1=" " ind2=" ">
    <subfield code="a">FISKH</subfield>
    <subfield code="b">eng</subfield>
    <subfield code="c">FISKH</subfield>
    <subfield code="d">FISKH</subfield>
  </datafield>
  <datafield tag="050" ind1=" " ind2=" ">
    <subfield code="a">PS3570 .A657 .G65</subfield>
  </datafield>
  <datafield tag="082" ind1=" " ind2=" ">
    <subfield code="a">813.54</subfield>
  </datafield>
  <datafield tag="100" ind1=" " ind2=" ">
    <subfield code="a">Tartt , Donna</subfield>
  </datafield>
  <datafield tag="245" ind1=" " ind2=" ">
    <subfield code="a">The goldfinch /</subfield>
    <subfield code="b">By Donna Tartt</subfield>
  </datafield>
  <datafield tag="250" ind1=" " ind2=" ">
    <subfield code="a">First published in Great Britain in 2013</subfield>
  </datafield>
  <datafield tag="260" ind1=" " ind2=" ">
    <subfield code="a">London :</subfield>
    <subfield code="b">Abacus / Little, Brown Book Group , </subfield>
    <subfield code="c">2013 .</subfield>
  </datafield>
  <datafield tag="300" ind1=" " ind2=" ">
    <subfield code="a">864 pages : </subfield>
    <subfield code="b">illustrations ;</subfield>
    <subfield code="c">20 cm . </subfield>
  </datafield>
  <datafield tag="520" ind1=" " ind2=" ">
    <subfield code="a">A young boy in New York City, Theo Decker, miraculously survives an accident that takes the life of his mother. Alone and abandoned by his father, Theo is taken in by a friend's family and struggles to make sense of his new life. In the years that follow, he becomes entranced by one of the few things that reminds him of his mother; a small, mysteriously captivating painting that ultimately draws Theo into the art underworld.</subfield>
  </datafield>
  <datafield tag="650" ind1=" " ind2=" ">
    <subfield code="a">Pulitzer Prize</subfield>
    <subfield code="v">Fiction</subfield>
  </datafield>
  <datafield tag="942" ind1=" " ind2=" ">
    <subfield code="2">ddc</subfield>
    <subfield code="c">BK</subfield>
    <subfield code="n">0</subfield>
  </datafield>
  <datafield tag="999" ind1=" " ind2=" ">
    <subfield code="c">9556</subfield>
    <subfield code="d">9556</subfield>
  </datafield>
  <datafield tag="952" ind1=" " ind2=" ">
    <subfield code="0">0</subfield>
    <subfield code="1">0</subfield>
    <subfield code="2">ddc</subfield>
    <subfield code="4">0</subfield>
    <subfield code="7">0</subfield>
    <subfield code="8">FIC</subfield>
    <subfield code="a">002</subfield>
    <subfield code="b">002</subfield>
    <subfield code="c">SBS</subfield>
    <subfield code="d">2026-01-23</subfield>
    <subfield code="l">1</subfield>
    <subfield code="o">TAR 813.54 PS3570 .A657 .G65</subfield>
    <subfield code="p">2026-0073</subfield>
    <subfield code="q">2026-03-09</subfield>
    <subfield code="r">2026-02-23 14:29:02</subfield>
    <subfield code="s">2026-02-23</subfield>
    <subfield code="w">2026-01-23</subfield>
    <subfield code="y">BK</subfield>
  </datafield>
</record>
